[Event "FIDE Womens World Cup 2021"]
[Site "Sochi"]
[Date "2021.07.20"]
[Round "3.6"]
[White "Shuvalova, Polina"]
[Black "Garifullina, Leya"]
[Result "1/2-1/2"]
[WhiteElo "2489"]
[BlackElo "2390"]
[Annotator "ChessBase"]
[PlyCount "197"]
[EventDate "2021.07.12"]
[EventType "k.o."]
[EventCountry "RUS"]
[SourceTitle "playchess.com"]
[Source "ChessBase"]
[SourceQuality "1"]
[TimeControl "600+10"]

1. e4 {[%emt 0:00:02]} c5 {[%emt 0:00:13]} 2. Nf3 {[%emt 0:00:03]} d6 {[%emt 0:00:01]} 3. Bb5+ {[%emt 0:00:02]} Bd7 {[%emt 0:00:00]} 4. Bxd7+ {[%emt 0:00:02]} Qxd7 {[%emt 0:00:01]} 5. c4 {[%emt 0:00:02]} Nf6 {[%emt 0:00:02]} 6. Nc3 {[%emt 0:00:02]} g6 {[%emt 0:00:01]} 7. d4 {[%emt 0:00:09]} cxd4 {[%emt 0:00:01]} 8. Nxd4 {[%emt 0:00:01]} Bg7 {[%emt 0:00:01]} 9. h3 {[%emt 0:01:14]} O-O {[%emt 0:00:02]} 10. Be3 {[%emt 0:00:02]} Nc6 {[%emt 0:00:46]} 11. O-O {[%emt 0:00:11]} a6 {[%emt 0:00:31]} 12. a4 {[%emt 0:01:11]} Qc7 {[%emt 0:00:20]} 13. b3 {[%emt 0:00:07]} Qa5 {[%emt 0:00:11]} 14. Qd3 {[%emt 0:01:14]} Nd7 {[%emt 0:00:51]} 15. Rfd1 {[%emt 0:01:56]} Nc5 {[%emt 0:00:46]} 16. Qc2 {[%emt 0:00:06]} Nb4 {[%emt 0:00:09]} 17. Qb2 {[%emt 0:00:22]} e6 {[%emt 0:01:12]} 18. Rab1 {[%emt 0:00:07]} Qc7 {[%emt 0:00:08]} 19. Qd2 {[%emt 0:00:32]} Rfd8 {[%emt 0:00:43]} 20. Nde2 {[%emt 0:00:44]} Nc6 {[%emt 0:01:48]} 21. b4 {[%emt 0:00:34]} Nd7 {[%emt 0:00:03]} 22. Qxd6 {[%emt 0:00:11]} Qxd6 {[%emt 0:00:04]} 23. Rxd6 {[%emt 0:00:02]} Bf8 {[%emt 0:00:06]} 24. Rdd1 {[%emt 0:00:32]} Bxb4 {[%emt 0:00:11]} 25. Nd5 {[%emt 0:00:33]} Ba5 {[%emt 0:00:53]} 26. Nb6 {[%emt 0:02:27]} Nxb6 {[%emt 0:00:08]} 27. Rxd8+ {[%emt 0:00:02]} Rxd8 {[%emt 0:00:02]} 28. Bxb6 {[%emt 0:00:03]} Rd2 {[%emt 0:00:03]} 29. Nf4 {[%emt 0:00:46]} Rc2 {[%emt 0:00:13]} 30. Be3 {[%emt 0:01:17]} Bb4 {[%emt 0:00:09]} 31. Nd3 {[%emt 0:00:08]} Rxc4 {[%emt 0:00:17]} 32. f3 {[%emt 0:00:03]} a5 {[%emt 0:00:05]} 33. Rc1 {[%emt 0:00:13]} Rxc1+ {[%emt 0:00:06]} 34. Bxc1 {[%emt 0:00:05]} Nd4 {[%emt 0:00:05]} 35. Bb2 {[%emt 0:00:09]} Bc3 {[%emt 0:00:37]} 36. Bxc3 {[%emt 0:00:25]} Ne2+ {[%emt 0:00:01]} 37. Kf2 {[%emt 0:00:01]} Nxc3 {[%emt 0:00:01]} 38. Nb2 {[%emt 0:00:00]} b5 {[%emt 0:00:08]} 39. axb5 {[%emt 0:00:06]} Nxb5 {[%emt 0:00:00]} 40. Ke3 {[%emt 0:00:03]} Kg7 {[%emt 0:00:03]} 41. e5 {[%emt 0:00:01]} g5 {[%emt 0:00:03]} 42. Kd3 {[%emt 0:00:14]} Kg6 {[%emt 0:00:01]} 43. g4 {[%emt 0:00:10]} Na7 {[%emt 0:00:11]} 44. Na4 {[%emt 0:00:28]} h5 {[%emt 0:00:03]} 45. Ke4 {[%emt 0:00:10]} h4 {[%emt 0:00:05]} 46. Nc5 {[%emt 0:00:17]} Nb5 {[%emt 0:00:04]} 47. Kd3 {[%emt 0:00:06]} Nc7 {[%emt 0:00:03]} 48. Kc4 {[%emt 0:00:33]} Nd5 {[%emt 0:00:02]} 49. Ne4 {[%emt 0:00:02]} Nf4 {[%emt 0:00:05]} 50. Nf2 {[%emt 0:00:01]} Ng2 {[%emt 0:00:05]} 51. Nd3 {[%emt 0:00:26]} Ne3+ {[%emt 0:00:22]} 52. Kb5 {[%emt 0:00:01]} Nc2 {[%emt 0:00:05]} 53. Kxa5 {[%emt 0:00:07]} Nd4 {[%emt 0:00:03]} 54. Ne1 {[%emt 0:00:23]} Nc6+ {[%emt 0:00:03]} 55. Kb5 {[%emt 0:00:01]} Nxe5 {[%emt 0:00:01]} 56. Kc5 {[%emt 0:00:04]} Kf6 {[%emt 0:00:01]} 57. Kd4 {[%emt 0:00:02]} Ng6 {[%emt 0:00:04]} 58. Nd3 {[%emt 0:00:08]} e5+ {[%emt 0:01:11]} 59. Ke4 {[%emt 0:00:01]} Nf4 {[%emt 0:00:02]} 60. Nxe5 {[%emt 0:00:37]} Nxh3 {[%emt 0:00:03]} 61. Nd3 {[%emt 0:00:05]} Ng1 {[%emt 0:00:04]} 62. Ke3 {[%emt 0:00:17]} h3 {[%emt 0:00:03]} 63. Kf2 {[%emt 0:00:02]} h2 {[%emt 0:00:02]} 64. Kg2 {[%emt 0:00:02]} Nxf3 {[%emt 0:00:02]} 65. Nf2 {[%emt 0:00:04]} Nd2 {[%emt 0:00:06]} 66. Kxh2 {[%emt 0:00:13]} Ke5 {[%emt 0:00:01]} 67. Nh3 {[%emt 0:00:21]} f6 {[%emt 0:00:14]} 68. Kg3 {[%emt 0:00:01]} Ke4 {[%emt 0:00:02]} 69. Nf2+ {[%emt 0:00:05]} Kd4 {[%emt 0:00:10]} 70. Nd1 {[%emt 0:00:23]} Kd3 {[%emt 0:00:27]} 71. Kg2 {[%emt 0:00:28]} Nc4 {[%emt 0:00:30]} 72. Kf3 {[%emt 0:00:08]} Nd2+ {[%emt 0:00:03]} 73. Kg2 {[%emt 0:00:03]} Ke4 {[%emt 0:00:10]} 74. Kg3 {[%emt 0:00:18]} Ke5 {[%emt 0:00:04]} 75. Ne3 {[%emt 0:00:06]} Ke4 {[%emt 0:00:49]} 76. Nf5 {[%emt 0:00:07]} Nc4 {[%emt 0:00:06]} 77. Ng7 {[%emt 0:00:08]} Nd6 {[%emt 0:01:22]} 78. Nh5 {[%emt 0:00:04]} Ne8 {[%emt 0:00:02]} 79. Kg2 {[%emt 0:00:09]} Ke5 {[%emt 0:00:10]} 80. Kf3 {[%emt 0:00:02]} Nc7 {[%emt 0:00:07]} 81. Ng3 {[%emt 0:00:03]} Ne6 {[%emt 0:00:02]} 82. Nh5 {[%emt 0:00:08]} Nf4 {[%emt 0:00:12]} 83. Ng7 {[%emt 0:00:11]} Ne6 {[%emt 0:01:40]} 84. Nh5 {[%emt 0:00:02]} Nd4+ {[%emt 0:00:02]} 85. Ke3 {[%emt 0:00:02]} Nc6 {[%emt 0:00:06]} 86. Kf3 {[%emt 0:00:04]} Ke6 {[%emt 0:00:03]} 87. Ng7+ {[%emt 0:00:06]} Kd5 {[%emt 0:00:09]} 88. Nh5 {[%emt 0:00:27]} Ke5 {[%emt 0:00:21]} 89. Ng7 {[%emt 0:00:07]} Nd4+ {[%emt 0:00:04]} 90. Ke3 {[%emt 0:00:01]} Nb5 {[%emt 0:00:05]} 91. Nh5 {[%emt 0:00:09]} Nd6 {[%emt 0:01:06]} 92. Kf3 {[%emt 0:00:03]} Nf7 {[%emt 0:00:13]} 93. Ke3 {[%emt 0:00:14]} f5 {[%emt 0:01:28]} 94. gxf5 {[%emt 0:00:13]} g4 {[%emt 0:00:07]} 95. f6 {[%emt 0:00:31]} Nd6 {[%emt 0:00:12]} 96. Kf2 {[%emt 0:00:13]} Ne4+ {[%emt 0:00:02]} 97. Kg2 {[%emt 0:00:03]} Nxf6 {[%emt 0:00:07]} 98. Kg3 {[%emt 0:00:11]} Nxh5+ {[%emt 0:00:07]} 99. Kxg4 {[%emt 0:00:01]} 1/2-1/2

[Event "FIDE Womens World Cup 2021"]
[Site "Sochi"]
[Date "2021.07.20"]
[Round "3.7"]
[White "Muzychuk, Mariya"]
[Black "Ushenina, Anna"]
[Result "1-0"]
[WhiteElo "2550"]
[BlackElo "2429"]
[Annotator "TA"]
[PlyCount "97"]
[EventDate "2021.07.12"]
[EventType "k.o."]
[EventCountry "RUS"]
[SourceTitle "playchess.com"]
[Source "ChessBase"]
[SourceQuality "1"]

{[%evp 27,97,0,12,0,31,10,32,41,128,93,112,106,128,141,118,120,128,79,125,135,259,258,259,249,242,257,720,714,1147,1141,1140,1139,5502,900,808,558,569,569,2267,1962,12835,12835,12836,12836,12837,12837,12835,12833,12837,12828,12832,12834,12841,12841,12842,12842,12844,12844,29984,29985,29986,29987,29987,29988,29988,29989,29991,29989,29991,29986,29987,12846]} 1. e4 c5 2. Nf3 e6 3. d4 cxd4 4. Nxd4 Nc6 5. Nc3 Qc7 6. Be3 a6 7. Be2 Nf6 8. O-O Be7 9. f4 d6 10. Qe1 O-O 11. Kh1 Nxd4 12. Bxd4 b5 13. a3 Bb7 14. Qg3 Rad8 15. Rae1 {B85: Sicilian Scheveningen: 6 Be2 a6, lines with early Be3.} Rd7 16. Bd3 Qd8 {has lost popularity (16...Re8).} 17. Qh3 {White is slightly better.} g6 {[#]} (17... Re8 $14) 18. f5 $1 $16 {[%cal Rf5e6]} ({Reject} 18. Qh6 $6 e5 $11) 18... e5 19. Be3 Nh5 20. Bh6 Re8 21. Nd5 Bxd5 22. exd5 {[#] And now fxg6 would win.} Bf6 $146 ({Predecessor:} 22... Nf4 23. Bxf4 exf4 24. Rxf4 Bg5 25. Rfe4 Rde7 26. Qf3 Rxe4 27. Rxe4 Rxe4 28. Bxe4 Kg7 29. fxg6 hxg6 {½-½ (56) Ambartsumova,K (2342)-Cramling,P (2507) Khanty-Mansiysk 2014}) 23. Qg4 {[%cal Rf5g6]} Bg7 (23... Kh8 $16 24. a4 (24. fxg6 fxg6 25. a4 bxa4 $16) 24... Rb7 25. axb5 (25. fxg6 fxg6 26. axb5 axb5 $16) 25... axb5 26. fxg6 fxg6 27. Bxg6 Ng3+ 28. Qxg3 Rg8 {[%mdl 64] Pin}) 24. fxg6 $18 fxg6 25. Bxg6 hxg6 26. Qxg6 Nf4 $2 (26... Rf8) 27. Rxf4 Ree7 28. Bxg7 Rxg7 29. Qe6+ Kh7 {[#]} 30. Rf3 (30. Re3 $142 $1 {[%mdl 512]} Kh8 31. Rf6) 30... Rg6 31. Rf7+ Rxf7 32. Qxf7+ {[%mdl 4096] Endgame KQR-KQR} Kh6 33. Re3 {Intending Rh3+ and mate.} Qf6 34. Rh3+ Kg5 35. Rg3+ Kh6 36. Rxg6+ Qxg6 37. Qxg6+ Kxg6 {KP-KP} 38. Kg1 Kf5 39. h4 Ke4 40. h5 Kf5 41. g4+ Kg5 42. Kf2 Kf6 43. h6 {White mates.} Kg6 44. g5 Kh7 45. Ke3 Kg6 46. Ke4 Kh7 47. b3 a5 48. c4 b4 49. axb4 {Weighted Error Value: White=0.22/Black=0.45} (49. a4 $142 Kg6 50. c5 dxc5 51. d6 c4 52. d7 cxb3 53. d8=Q b2 54. Qd3) 1-0

[Event "FIDE Womens World Cup 2021"]
[Site "Sochi"]
[Date "2021.07.20"]
[Round "3.8"]
[White "Ushenina, Anna"]
[Black "Muzychuk, Mariya"]
[Result "1/2-1/2"]
[WhiteElo "2429"]
[BlackElo "2550"]
[Annotator "TA"]
[PlyCount "102"]
[EventDate "2021.07.12"]
[EventType "k.o."]
[EventCountry "RUS"]
[SourceTitle "playchess.com"]
[Source "ChessBase"]
[SourceQuality "1"]

{[%evp 19,102,-7,0,-32,-16,-28,0,-36,0,0,45,0,0,0,0,0,0,23,26,22,39,34,33,17,22,28,61,49,46,18,154,137,145,2,68,83,55,61,70,73,175,168,174,181,176,176,173,174,176,153,169,161,164,109,462,173,221,220,209,198,157,0,0,0,0,0,0,0,0,0,0,0,0,0,0,0,0,0,0,0,0,0,0,0,0]} 1. d4 Nf6 2. c4 e6 3. Nf3 d5 4. g3 dxc4 5. Qa4+ Nbd7 6. Bg2 a6 7. Qxc4 b5 8. Qc2 Bb7 9. O-O Bd6 10. a4 O-O {[#]} 11. Rd1 $146 {A13: English Opening: 1...e6.} ({Predecessor:} 11. Bd2 c5 12. Na3 Be4 13. Qd1 Rb8 14. axb5 axb5 15. dxc5 Nxc5 16. b4 Bxf3 17. Bxf3 Nce4 18. Be1 Be5 {½-½ (33) Pantev,V (2363)-Ivelinov,H (2200) Sunny Beach 2007}) 11... Be4 12. Qd2 b4 13. b3 Qe7 14. Bb2 Rfd8 15. Qe3 c5 16. Nbd2 Bc2 {Hoping for ...Nd5.} 17. Rdc1 Nd5 18. Qg5 {And now Qxe7 would win.} f6 19. Qh4 g5 20. Qh6 Bg6 21. h4 {[%cal Rh4g5]} g4 22. Nh2 cxd4 23. Bxd4 {h5 is the strong threat.} Be5 24. Rc4 {aiming for h5.} f5 (24... Nc3 $11 {remains equal.} 25. Bxe5 Nxe5) 25. h5 $1 $16 {[%cal Rh5g6]} Bf7 {[#]} 26. e4 (26. Nxg4 $1 $16 {[%mdl 512]} fxg4 27. Bxe5 {[%mdl 64] Discovered Attack} Nxe5 28. Re4) 26... Bxd4 (26... Qf6 $11 27. Qxf6 N5xf6) 27. Rxd4 $14 Nc3 28. Re1 ({Don't play} 28. Qe3 f4 $15) 28... Qf6 29. Qe3 {Threatens to win with exf5.} e5 {[#]} (29... Rab8 $16) 30. Rxd7 $1 $18 {[%mdl 512]} Rxd7 31. exf5 {[%mdl 64] Discovered Attack} Rad8 32. Nxg4 {[%mdl 64] Double Attack} Qg7 33. Nh6+ Kh8 34. Nxf7+ ({Inferior is} 34. Qxe5 Bxh5 35. f6 Qxh6 $11) 34... Rxf7 35. h6 Qf6 36. g4 (36. Nf3 $18) 36... Rfd7 $2 {[%mdl 8192] [#]} (36... Rg8 $16) 37. Nc4 $2 (37. g5 $1 Qf7 (37... Nd5 38. Bxd5) 38. Qxe5+ Kg8 39. Ne4 Nxe4 40. Bxe4) 37... Rd1 {[#]} 38. Rxd1 ({Avoid the trap} 38. Nxe5 $2 Rxe1+ 39. Qxe1 Rd1 $19) 38... Rxd1+ 39. Bf1 e4 {White must now prevent ...Qh4.} 40. Qa7 $2 (40. Nd2 $16) 40... Qxh6 $11 {The position is equal.} 41. Qb8+ Kg7 42. Qc7+ Kg8 43. Qb8+ Kg7 44. Qe5+ Kg8 45. Qe8+ Kg7 $1 46. Qe7+ Kg8 {( -> ...Rxf1+!)} 47. Ne3 Rxf1+ 48. Nxf1 {Strongly threatening Ng3.} Ne2+ 49. Kg2 Nf4+ 50. Kg3 Ne2+ 51. Kg2 Nf4+ {Black escapes into a draw.  Weighted Error Value: White=0.32/Black=0.35} 1/2-1/2

[Event "FIDE Womens World Cup 2021"]
[Site "Sochi"]
[Date "2021.07.22"]
[Round "4.1"]
[White "Lagno, Kateryna"]
[Black "Assaubayeva, Bibisara"]
[Result "1/2-1/2"]
[WhiteElo "2559"]
[BlackElo "2389"]
[Annotator "TA"]
[PlyCount "69"]
[EventDate "2021.07.12"]
[EventType "k.o."]
[EventCountry "RUS"]
[SourceTitle "playchess.com"]
[Source "ChessBase"]
[SourceQuality "1"]

{[%evp 15,69,32,37,8,8,12,-7,-48,31,18,19,12,72,34,57,-27,-31,-22,-83,-80,27,46,26,19,52,-1,-4,-14,-4,-14,-6,-6,0,-33,0,-10,-14,-16,-16,-23,-8,-36,0,0,27,-1,0,-2,-2,-2,-3,-3,0,-2,-2,0]} 1. e4 c5 2. Nf3 d6 3. d4 cxd4 4. Nxd4 Nf6 5. Nc3 a6 6. Bg5 e6 7. f4 h6 8. Bh4 Qb6 9. Qd2 {B96: Sicilian Najdorf: 6 Bg5 e6 7 f4, lines other than 7...Qb6 and 7...Be7.} Qxb2 10. Rb1 Qa3 11. Be2 Nc6 ({Black should play} 11... Nbd7 $15) 12. Nxc6 bxc6 13. e5 dxe5 (13... Nd5 $11 {remains equal.} 14. Rb3 Qa5) 14. fxe5 Nd5 15. Nxd5 {[#]} ({White should try} 15. Rb3 $14 Qa5 16. Ne4 Qxd2+ 17. Kxd2) 15... exd5 $146 ({Predecessor:} 15... cxd5 16. O-O Bc5+ 17. Kh1 Be3 18. Qe1 Bg5 19. Bf2 O-O 20. Rb3 Qa4 21. Bc5 Bd7 22. Bxf8 Rxf8 {1-0 (38) Goldberg,A-Selke,H DDR 1983}) 16. O-O Bc5+ 17. Kh1 Qe3 ({Don't blunder} 17... Qxa2 $2 18. Qc3 $18) (17... Be6 $17) 18. Qa5 $1 {[%csl Gh4][%cal Ra5d8]} O-O 19. Bd3 $1 Bd4 20. Rbe1 {[#]} (20. Be7 $1 $14 Re8 21. Rbe1) 20... Bb6 $1 $36 {[%mdl 2048] White is under pressure.} 21. Qa4 (21. Qa3 Qc5) 21... Qd4 22. Qxc6 {aiming for Bf2.} Qxh4 23. Qxb6 Be6 24. Qe3 Rab8 {[%cal Ba8b8,Bb8b2,Bb2a2][%mdl 32]} 25. a3 Rfc8 26. Rf4 Qd8 27. Ref1 Rb2 28. Qa7 Qc7 (28... Ra8 {is interesting.} 29. Qd4 Rb7 30. h3 a5 31. c3 Qc7) 29. Qxa6 Rd8 30. Re1 Qc3 {The position is equal.} 31. Rff1 Ra2 32. a4 Qd4 33. a5 Qc3 34. Qb6 {[%cal Rb6d8] [#]} Qxa5 35. Qe3 {Weighted Error Value: White=0.16/Black=0.21} 1/2-1/2

[Event "FIDE Womens World Cup 2021"]
[Site "Sochi"]
[Date "2021.07.22"]
[Round "4.1"]
[White "Muzychuk, Anna"]
[Black "Paehtz, Elisabeth"]
[Result "1/2-1/2"]
[WhiteElo "2527"]
[BlackElo "2466"]
[Annotator "TA"]
[PlyCount "64"]
[EventDate "2021.07.12"]
[EventType "k.o."]
[EventCountry "RUS"]
[SourceTitle "playchess.com"]
[Source "ChessBase"]
[SourceQuality "1"]

{[%evp 13,64,47,48,54,58,47,31,27,32,27,30,0,0,0,0,0,0,-16,-11,-29,0,0,0,0,8,0,8,5,9,0,0,0,0,0,0,0,0,0,8,0,8,6,8,0,0,-4,-1,-4,0,-1,-1,-6,-4]} 1. e4 c5 2. Nf3 Nc6 3. d4 cxd4 4. Nxd4 Nf6 5. Nc3 d6 6. Bg5 g6 7. Bxf6 exf6 8. Bb5 {seems to push 8.Bc4 aside. B60: Sicilian: Richter-Rauzer: Unusual Black 6th moves and 6...Bd7 without 7 Qd2.} Bd7 9. Nde2 Be6 10. Qd2 {White is slightly better.} Bg7 $1 11. Rd1 O-O {[#]} 12. Qxd6 $146 ({Predecessor:} 12. O-O f5 13. Nf4 Nd4 14. Bd3 Qh4 15. f3 Rac8 16. g3 Qd8 17. Kg2 a6 18. Rfe1 {1-0 (35) Fichtl,J-Gromek,J Marianske Lazne 1959}) 12... Qb6 13. O-O f5 14. exf5 Bxf5 15. Bd3 Bxd3 ({Avoid the trap} 15... Qxb2 $2 {[#]} 16. Rb1 $1 $18) 16. cxd3 Qxb2 17. Rb1 {The position is equal.} Qd2 18. Rfd1 Qh6 {[#] White must now prevent ...Be5.} 19. Rxb7 Be5 20. Qxc6 {d4 is the strong threat.} Qxh2+ 21. Kf1 {aiming for d4.} Rac8 22. Qd5 {And now d4 would win.} Bxc3 23. Rxa7 Rcd8 24. Rd7 Rxd7 (24... Qh1+ {is more complex.} 25. Ng1 Rxd7 26. Qxd7 Be5 27. g3 Qa8) 25. Qxd7 Qh1+ 26. Ng1 Qh5 {[%cal Rh5d1]} 27. Nf3 Bf6 28. Kg1 Qa5 29. a4 Ra8 30. g3 Qxa4 31. Qxa4 Rxa4 32. Kg2 Kf8 {Weighted Error Value: White=0.05/Black=0.02} 1/2-1/2

[Event "FIDE Womens World Cup 2021"]
[Site "Sochi"]
[Date "2021.07.22"]
[Round "4.1"]
[White "Khademalsharieh, Sarasadat"]
[Black "Tan, Zhongyi"]
[Result "1/2-1/2"]
[WhiteElo "2494"]
[BlackElo "2511"]
[Annotator "TA"]
[PlyCount "68"]
[EventDate "2021.07.12"]
[EventType "k.o."]
[EventCountry "RUS"]
[SourceTitle "playchess.com"]
[Source "ChessBase"]
[SourceQuality "1"]

{[%evp 13,68,-12,58,54,116,113,111,115,115,119,140,87,145,128,126,28,32,31,37,31,39,15,7,7,43,19,19,16,15,19,10,0,0,-1,-2,-1,-4,-12,-14,-27,0,0,0,-4,0,-9,0,0,0,0,0,0,0,0,0,0,0]} 1. c4 {Ribli,Z} Nf6 2. Nc3 c5 3. Nf3 Nc6 4. d4 cxd4 5. Nxd4 e6 6. g3 Qb6 7. Ndb5 $1 {[%mdl 4] now scores much better than the old 7.Nb3.} Bc5 (7... Ne5 $11) 8. Bg2 $14 {A33: Symmetrical English: 2 Nf3 Nf6 3 d4 cxd4 4 Nxd4 e6 5 Nc3 Nc6.} a6 (8... d5 $14) 9. Nd6+ $16 Ke7 10. Nde4 {White is better.} Nxe4 11. Nxe4 Bb4+ 12. Bd2 (12. Kf1 $142) 12... Bxd2+ (12... Rd8 $142) 13. Qxd2 Qb4 14. c5 ({Better is} 14. Nc3 $16 {Threatens to win with Bxc6.} Qxc4 15. Bxc6 Qxc6 16. Qg5+ Ke8 17. O-O) 14... Qxd2+ $11 15. Nxd2 Rb8 16. Rc1 {[#]} Rd8 $146 ({Predecessor:} 16... b6 17. Bxc6 dxc6 18. cxb6 Rxb6 19. Nc4 Rb5 20. f4 Bb7 21. Kf2 c5 22. Rhd1 Bd5 {½-½ (42) Cifuentes Parada,R (2555)-Izeta Txabarri,F (2525) Ampuriabrava 1997 CBM 062 [Ribli,Z]}) 17. a3 a5 18. f4 b5 19. cxb6 Rxb6 20. Bxc6 Rxc6 21. Rxc6 dxc6 $14 {[%mdl 4096] Endgame KRB-KRN} 22. Nc4 Rd5 $1 23. Nb6 {[#]} Rb5 $1 24. Na4 (24. Nxc8+ Kd7) 24... e5 25. O-O exf4 26. gxf4 g5 27. Rc1 {The position is equal.} Kd6 28. fxg5 Rxg5+ 29. Kf2 Rb5 30. Rc4 Be6 31. Rd4+ Ke7 32. Rh4 h5 33. Rf4 Rd5 34. Ke1 Rb5 {Weighted Error Value: White=0.12/Black=0.12} 1/2-1/2

[Event "FIDE Womens World Cup 2021"]
[Site "Sochi"]
[Date "2021.07.22"]
[Round "4.1"]
[White "Shuvalova, Polina"]
[Black "Dzagnidze, Nana"]
[Result "1-0"]
[WhiteElo "2489"]
[BlackElo "2523"]
[Annotator "TA"]
[PlyCount "131"]
[EventDate "2021.07.12"]
[EventType "k.o."]
[EventCountry "RUS"]
[SourceTitle "playchess.com"]
[Source "ChessBase"]
[SourceQuality "1"]

{[%evp 11,131,6,8,10,17,6,10,31,27,0,0,7,0,0,13,-20,-32,-17,-27,-29,-16,-27,20,32,28,33,52,41,56,3,16,25,36,0,52,19,25,21,39,44,29,30,30,-19,32,31,43,11,73,8,16,0,0,0,0,0,0,0,104,109,222,222,222,165,172,105,119,47,102,73,63,63,63,63,62,62,64,65,172,172,167,153,168,149,155,117,117,0,153,117,620,558,1622,1622,1600,1600,1575,1539,1516,1509,29976,29978,29978,29974,29974,29975,29974,29976,29975,29977,29977,29978,29978,29979,29978,29979,29985,29986,29986,29987,29987,29988]} 1. e4 c5 2. Nf3 d6 3. Bb5+ Nd7 4. d4 cxd4 5. Qxd4 a6 6. Bxd7+ Bxd7 7. c4 {B51: Sicilian: Moscow Variation (3 Bb5+) without 3...Bd7.} Bg4 (7... Nf6 {is more complex.} 8. Bg5 e6 9. Nc3 Be7 10. O-O Rc8) 8. Nc3 Bxf3 9. gxf3 {The position is equal.} e6 10. Be3 {[#]} Rc8 $146 ({Predecessor:} 10... Ne7 11. f4 Rc8 12. O-O Ng6 13. Ne2 Qh4 14. f3 Be7 15. Rad1 O-O 16. b3 Qh3 {1-0 (33) Ankit,R (2428)-Parligras,M (2565) Abu Dhabi 2013}) 11. O-O-O Ne7 12. f4 Nc6 13. Qb6 (13. Qd2 {looks sharper.} Be7 14. Rhg1 g6 15. Kb1 Qa5 16. f5) 13... Qxb6 14. Bxb6 Nb8 15. b3 Nd7 16. Ba5 Be7 (16... d5 $5 17. exd5 b6 18. dxe6 fxe6 19. Rxd7 Kxd7 20. Bxb6 Bc5 21. Bxc5 Rxc5 $15) 17. Kc2 g6 18. Rhe1 h5 19. a4 h4 20. h3 (20. Bb4 $14) 20... Rc6 $11 21. Bb4 Rh5 22. a5 Nf6 (22... b6 $11) 23. Re2 g5 24. e5 dxe5 25. Bxe7 Kxe7 26. fxe5 Nd7 27. Rd4 Rh6 (27... Rc8 $11) 28. b4 Rh8 29. c5 Rc7 (29... Rcc8 $11) 30. Kb3 ({White should try} 30. Rg4 $16) 30... Nb8 31. Ne4 Nc6 32. Rd6 g4 33. Nf6 $1 $36 {[%cal Rf6g4][%mdl 2048] White has good play.} gxh3 {Strongly threatening ...h2.} 34. f4 Rhc8 (34... h2 $11 35. Rxh2 h3) 35. Rh2 $16 Nxa5+ 36. bxa5 $18 Rxc5 37. Rd7+ Kf8 38. Rxb7 (38. Rxh3 $18 {Hoping for Rdd3.} Rb5+ 39. Ka4 Rc4+ 40. Ka3) 38... Rc3+ $16 39. Ka2 (39. Kb2 $16) 39... Rc2+ ({Better is} 39... Kg7 $14) 40. Rb2 Rxh2 41. Rxh2 {[%mdl 4096] Endgame KRN-KR} Rc3 42. Rd2 Kg7 {Threatens to win with ...Kg6.} 43. Rd8 $1 Kg6 {White must now prevent ...h2.} 44. Rh8 Rc5 (44... Rf3 $14 45. Rxh4 Kf5) 45. Rxh4 $18 Rxa5+ 46. Kb3 Rb5+ 47. Kc4 Ra5 48. Kb4 Rb5+ 49. Kc4 Ra5 $1 50. Rxh3 Ra4+ $2 {[%mdl 8192] This costs Black the game.} (50... Kf5 $16 51. Rh7 Ra4+ 52. Kd3 Ra3+ 53. Kd4 Ra4+ 54. Kd3 Ra3+ 55. Kc4 Ra4+ 56. Kc5 Rxf4) 51. Kc5 Rxf4 52. Ra3 {[%cal Ra3a6]} Kf5 53. Nd7 Rf1 54. Kd6 Rd1+ 55. Ke7 Rxd7+ 56. Kxd7 {White mates.} Kxe5 {KR-K3P} 57. Kc6 f5 58. Kc5 $1 f4 59. Kc4 Ke4 {[#]} 60. Kc3 $1 Ke3 {[#]} 61. Kc2+ $1 Ke2 62. Rxa6 e5 63. Re6 f3 64. Rxe5+ Kf1 65. Kd2 f2 66. Rf5 {Weighted Error Value: White=0.19/Black=0.43} 1-0